书目信息 |
| 题名: |
蒙古族简史
|
|
| 作者: | ;内蒙古自治区语文历史研究所 著 | |
| 分册: | ||
| 出版信息: | 呼和浩特 内蒙古人民出版社 1979.01 |
|
| 页数: | 148页 | |
| 开本: | 32开 | |
| 丛书名: | ||
| 单 册: | ||
| 中图分类: | K281.2 | |
| 科图分类: | ||
| 主题词: | 中华民族--民族历史 , 中华民族--民族志 | |
| 电子资源: | ||
| ISBN: | ||
| 000 | 00682nam0 2200229 45 | |
| 001 | 0212050970 | |
| 005 | 20031219104101.7 | |
| 010 | @dCNY0.50 | |
| 091 | @a11089.14 | |
| 100 | @a20021205d1979 km y0chiy0120 ea | |
| 101 | 0 | @achi |
| 105 | @a z 000yy | |
| 200 | 1 | @a蒙古族简史@AMeng Gu Zu Jian Shi@f内蒙古自治区语文历史研究所著@FNei Meng Gu Zi Zhi Qu Yu Wen Li Shi Yan Jiu Suo Zhu |
| 205 | @a修订本 | |
| 210 | @a呼和浩特@c内蒙古人民出版社@d1979.01 | |
| 215 | @a148页@d32开 | |
| 606 | 0 | @a中华民族@x民族历史 |
| 606 | 0 | @a中华民族@x民族志 |
| 690 | @aK281.2@v3 | |
| 711 | 02 | @a内蒙古自治区语文历史研究所@4著 |
| 801 | @aCN@bTSTC@c20021205 | |
| 905 | @f2@b219206-207@dK281.2@e29 | |
| 蒙古族简史/内蒙古自治区语文历史研究所著.-修订本.-呼和浩特:内蒙古人民出版社,1979.01 |
| 148页;32开 |
| ISBN :CNY0.50 |
| ● |
| 相关链接 |
|
|
|
|
正题名:蒙古族简史
索取号:K281.2/29
 
预约/预借
| 序号 | 登录号 | 条形码 | 馆藏地/架位号 | 状态 | 备注 |
| 1 | 0219206 | 001733057 | 密集书库/ [索取号:K281.2/29] | 在馆 | |
| 2 | 0219207 | 001733011 | 密集书库/ [索取号:K281.2/29] | 在馆 |